Aguas azoadas / (Record no. 151783)

MARC details
000 -LEADER
campo de control de longitud fija 00645nam a2200169 i 4500
001 - NÚMERO DE CONTROL
campo de control 151783
003 - IDENTIFICADOR DE NÚMERO DE CONTROL
campo de control ES-MaACL
005 - FECHA Y HORA DE LA ÚLTIMA TRANSACCIÓN
campo de control 20230906204359.0
008 - DATOS DE LONGITUD FIJA--INFORMACIÓN GENERAL
campo de control de longitud fija 931025s1888 sp a |||| | spa d
100 1# - ENTRADA PRINCIPAL--NOMBRE DE PERSONA
Nombre de persona Bejarano y Sánchez, Eloy.
9 (RLIN) 27098
245 10 - MENCIÓN DEL TÍTULO
Título Aguas azoadas /
Mención de responsabilidad, etc. Eloy Bejarano.
260 ## - PUBLICACIÓN, DISTRIBUCIÓN, ETC.
Lugar de publicación, distribución, etc. Madrid :
Nombre del editor, distribuidor, etc. [s.n.],
Fecha de publicación, distribución, etc. 1888 (
Fabricante Est. tip. Sucesores de Rivadeneyra)
300 ## - DESCRIPCIÓN FÍSICA
Extensión 80 p. :
Otras características físicas il. ;
Dimensiones 27 cm.
650 04 - PUNTO DE ACCESO ADICIONAL DE MATERIA--TÉRMINO DE MATERIA
Término de materia o nombre geográfico como elemento de entrada Hidroterapia.
9 (RLIN) 13343
650 #4 - PUNTO DE ACCESO ADICIONAL DE MATERIA--TÉRMINO DE MATERIA
Término de materia o nombre geográfico como elemento de entrada Nitrógeno-
Subdivisión general Uso terapéutico.
9 (RLIN) 152409
852 ## - LOCALIZACIÓN
Ubicación ES-MaACL
Número de control de estantería T-524-F-14
Nota libre -- Enc. hol. conservando la cub. original
-- -- Enc. en un vol. facticio
Encuadernación -- Edic.: Tiene numerosas ilustraciones
Holdings
Estatus retirado Estado de pérdida Estado de daño No para préstamo Colección Biblioteca de origen Biblioteca actual Ubicación en estantería Fecha de adquisición Total de préstamos Signatura topográfica completa Código de barras Visto por última vez Precio de reemplazo Tipo de ítem Koha
        Colección de folletos Biblioteca del Ateneo de Madrid Biblioteca del Ateneo de Madrid Depósito folletos 17/01/2008   T-524-F-14 1158412 23/02/2023 23/02/2023 Folleto